Người kể chuyện trong văn xuôi quốc ngữ đầu thế kỉ XX /

Αποθηκεύτηκε σε:
Λεπτομέρειες βιβλιογραφικής εγγραφής
Κύριος συγγραφέας: Trần Văn Trọng.
Μορφή: Άρθρο
Γλώσσα:Vietnamese
Θέματα:
Ετικέτες: Προσθήκη ετικέτας
Δεν υπάρχουν, Καταχωρήστε ετικέτα πρώτοι!
Thư viện lưu trữ: Thư viện Trường Đại học Đà Lạt
LEADER 00810nam a2200277 4500
001 DLU140163941
005 ##20140910
040 # # |a DLU  |b vie 
041 # # |a vie 
044 # # |a vn 
100 # # |a Trần Văn Trọng. 
245 # # |a Người kể chuyện trong văn xuôi quốc ngữ đầu thế kỉ XX /  |c Trần Văn Trọng. 
653 # # |a Hiện đại hóa 
653 # # |a Người kể chuyện 
653 # # |a Quốc ngữ 
653 # # |a Văn xuôi 
773 # # |t Nghiên cứu Văn học   |g Số4(494), 2013, tr. 97-107 
920 # # |a Phòng Tạp chí -- Trung tâm Thông tin - Thư viện Trường Đại học Đà Lạt 
994 # # |a DLU 
900 # # |a True 
911 # # |a Nguyễn Thị Mai Anh 
925 # # |a G 
926 # # |a A 
927 # # |a BB 
980 # # |a Thư viện Trường Đại học Đà Lạt